Statistics for Scrambled Capital Chain Game

Click here to take the quiz!

General Stats

  • This quiz has been taken 138 times
  • The average score is 15 of 20

Answer Stats

CountryAnswer% Correct
ItalyRome
100%
CubaHavana
92%
Saudi ArabiaRiyadh
86%
AustraliaCanberra
85%
PanamaPanama
85%
CanadaOttawa
77%
BangladeshDhaka
75%
PeruLima
75%
RussiaMoscow
75%
EgyptCairo
74%
GhanaAccra
72%
EthiopiaAddis Ababa
72%
GreeceAthens
72%
ArgentinaBuenos Aires
72%
VenezuelaCaracas
72%
MoroccoRabat
72%
IranTehran
72%
AlgeriaAlgiers
71%
SwitzerlandBern
71%
UkraineKiev
71%

Score Distribution

Percentile by Number Answered

Percent of People with Each Score

Your Score History

You have not taken this quiz